Особенности постобработки химическим травлением пористых конструкций, изготовленных с помощью аддитивных технологий из титанового сплава Ti6 Al4 V; Химия и химическая технология в XXI веке; Т. 1

Détails bibliographiques
Parent link:Химия и химическая технология в XXI веке: материалы XXII Международной научно-практической конференции студентов и молодых ученых имени выдающихся химиков Л. П. Кулёва и Н. М. Кижнера, посвященной 125-летию со дня основания Томского политехнического университета, Томск, 17-20 мая 2021 г./ Национальный исследовательский Томский политехнический университет (ТПУ) ; Инженерная школа природных ресурсов ; Исследовательская школа химических и биомедицинских технологий.— , 2021
Т. 1.— 2021.— [С. 317-318]
Auteur principal: Павельева А. А. Александра Андреевна
Collectivité auteur: Национальный исследовательский Томский политехнический университет Исследовательская школа химических и биомедицинских технологий Научно-исследовательский центр "Физическое материаловедение и композитные материалы"
Autres auteurs: Храпов Д. Дмитрий (научный руководитель), Козадаева М. Мария, Сурменева М. А. Мария Александровна
Résumé:Заглавие с титульного экрана
Langue:russe
Publié: 2021
Collection:Теоретические и прикладные аспекты физической и аналитической химии
Sujets:
Accès en ligne:http://earchive.tpu.ru/handle/11683/66238
Format: Électronique Chapitre de livre
KOHA link:https://koha.lib.tpu.ru/cgi-bin/koha/opac-detail.pl?biblionumber=632860

MARC

LEADER 00000naa2a2200000 4500
001 632860
005 20250918142657.0
035 |a (RuTPU)RU\TPU\conf\34582 
035 |a RU\TPU\conf\34577 
090 |a 632860 
100 |a 20210525d2021 k y0rusy50 ca 
101 0 |a rus 
102 |a RU 
105 |a y z 101zy 
135 |a drgn ---uucaa 
181 0 |a i  
182 0 |a b 
200 1 |a Особенности постобработки химическим травлением пористых конструкций, изготовленных с помощью аддитивных технологий из титанового сплава Ti6 Al4 V  |f А. А. Павельева, Д. Храпов, М. Козадаева  |g науч. рук. М. А. Сурменева 
203 |a Текст  |c электронный 
225 1 |a Теоретические и прикладные аспекты физической и аналитической химии 
300 |a Заглавие с титульного экрана 
320 |a [Библиогр.: с. 318 (1 назв.)] 
338 |b Российский научный фонд  |d 20-73-10223 
461 1 |0 (RuTPU)RU\TPU\conf\34506  |t Химия и химическая технология в XXI веке  |o материалы XXII Международной научно-практической конференции студентов и молодых ученых имени выдающихся химиков Л. П. Кулёва и Н. М. Кижнера, посвященной 125-летию со дня основания Томского политехнического университета, Томск, 17-20 мая 2021 г.  |o в 2 т.  |f Национальный исследовательский Томский политехнический университет (ТПУ) ; Инженерная школа природных ресурсов ; Исследовательская школа химических и биомедицинских технологий  |d 2021 
463 1 |0 (RuTPU)RU\TPU\conf\34507  |t Т. 1  |v [С. 317-318]  |d 2021 
610 1 |a труды учёных ТПУ 
610 1 |a электронный ресурс 
610 1 |a химическое травление 
610 1 |a аддитивные технологии 
610 1 |a титановые сплавы 
610 1 |a костные импланты 
610 1 |a регенерация 
610 1 |a пористые конструкции 
700 1 |a Павельева  |b А. А.  |c физик  |c инженер Томского политехнического университета  |f 1996-  |g Александра Андреевна  |3 (RuTPU)RU\TPU\pers\46661 
701 1 |a Храпов  |b Д.  |c специалист в области ядерных технологий  |c инженер-исследователь Томского политехнического университета  |f 1993-  |g Дмитрий  |3 (RuTPU)RU\TPU\pers\43118  |9 21618 
701 1 |a Козадаева  |b М.  |c химик  |c инженер Томского политехнического университета  |f 1998-  |g Мария  |3 (RuTPU)RU\TPU\pers\47359  |9 22898 
702 1 |a Сурменева  |b М. А.  |c специалист в области материаловедения  |c инженер-исследователь Томского политехнического университета, старший научный сотрудник  |f 1984-  |g Мария Александровна  |4 727 
712 0 2 |a Национальный исследовательский Томский политехнический университет  |b Исследовательская школа химических и биомедицинских технологий  |b Научно-исследовательский центр "Физическое материаловедение и композитные материалы"  |3 (RuTPU)RU\TPU\col\24957 
801 2 |a RU  |b 63413507  |c 20221019  |g RCR 
856 4 |u http://earchive.tpu.ru/handle/11683/66238 
942 |c BK